[Event "Fyn"]
[Site "DEN"]
[Date "1980.??.??"]
[Round "?"]
[White "Pedersen, Jens Otto"]
[Black "Fuller, Maxwell L"]
[Result "1/2-1/2"]
[WhiteElo "2200"]
[BlackElo "2355"]

1.Nf3 g6 2.d4 Nf6 3.g3 Bg7 4.Bg2 O-O 5.c4 d6 6.O-O c6 7.Nc3 Bf5 8.Re1 Ne4
9.Nxe4 Bxe4 10.Bg5 c5 11.dxc5 Bxb2 12.cxd6 f6 13.Bh6 Re8 14.c5 Bxa1 15.Qb3+ e6
16.Rxa1 Nd7 17.Rc1 Bd5 18.Qb4 a5 19.Qb1 Rc8 20.e4 Bc6 21.Bh3 b6 22.Nd4 bxc5
23.Nxe6 Qb6 24.Qxb6 Nxb6 25.Nxc5 Rcd8 26.Be6+ Kh8 27.Bf7 Rxe4 28.Nxe4 Bxe4
29.Rc7 Rxd6 30.Bb3 Rd7 31.Rxd7 Nxd7 32.Bd2 Nc5 33.Bxa5 Nxb3 34.axb3 Kg7 35.Kf1 f5
36.Ke2 f4 37.Kd2 Kf7 38.Kc3 Ke6 39.Kd4 Bc2 40.b4 fxg3 41.hxg3  1/2-1/2

[Event "Hamburg HSK"]
[Site "Hamburg"]
[Date "1980.??.??"]
[Round "3"]
[White "Kunsztowicz, Uwe"]
[Black "Westerinen, Heikki MJ"]
[Result "0-1"]
[WhiteElo "2365"]
[BlackElo "2470"]

1.d4 Nf6 2.c4 g6 3.g3 Bg7 4.Bg2 O-O 5.Nf3 d6 6.Nc3 Nc6 7.O-O a6 8.h3 e5 9.d5 Ne7
10.e4 Nd7 11.b4 h6 12.Bb2 f5 13.exf5 gxf5 14.Nh4 Qe8 15.c5 e4 16.Na4 Bxb2
17.Nxb2 Ne5 18.Qd2 Qh5 19.f4 N5g6 20.Nxg6 Qxg6 21.Kh2 dxc5 22.Rac1 Rd8 23.Rxc5 c6
24.d6 Rxd6 25.Qc1 Be6 26.Nc4 Bxc4 27.Qxc4+ Qe6 28.Qe2 Rad8 29.Re5 Qf7 30.Rf2 h5
31.g4 hxg4 32.hxg4 Rd1 33.Bf1 Qh7+ 34.Kg1 R8d3 35.Rg2 Kf8 36.gxf5 Qh4 37.f6 Nd5
38.Rh5 Qxf6 39.Rhg5 Nxf4 40.Rg8+ Kf7 41.R2g7+ Qxg7+ 42.Rxg7+ Kxg7 43.Qxe4 Ng6
44.Kf2 Rd4  0-1

[Event "Krasnodar"]
[Site "Krasnodar"]
[Date "1980.??.??"]
[Round "?"]
[White "Podgaets, Mikhail"]
[Black "Petrushin, Alexander I"]
[Result "1-0"]
[WhiteElo "2450"]
[BlackElo "2390"]

1.Nf3 Nf6 2.g3 g6 3.Bg2 Bg7 4.d4 O-O 5.c4 d6 6.O-O Nbd7 7.Qc2 e5 8.Rd1 exd4
9.Nxd4 Re8 10.Nc3 c6 11.h3 Qe7 12.b3 Nc5 13.Bb2 Nfe4 14.Nxe4 Nxe4 15.Rd3 Bd7
16.Rad1 Rad8 17.Nf3 Bh6 18.e3 Bc8 19.b4 f6 20.Nd2 Ng5 21.g4 Bg7 22.f4 Nf7
23.Qc3 Qf8 24.b5 Bd7 25.a4 a6 26.bxa6 bxa6 27.Qa5 Rb8 28.Ba3 f5 29.g5 Qe7
30.Nf1 Be6 31.Bxc6 Bxc4 32.Bxd6 Nxd6 33.Rxd6 Bxf1 34.Re6 Qxe6 35.Bd5 Bc4
36.Bxe6+ Bxe6 37.Qxa6 Bf7 38.Rd7 Rb1+ 39.Kf2 Rb2+ 40.Kf3 Be6 41.Rd6 Bf7 42.Rd7 Be6
43.Rd6 Ba2 44.Rd7 Bf8 45.Qc6 Rbb8 46.Rb7 Ra8 47.Kf2 Re4 48.Rxh7 Kxh7 49.Qb7+ Bf7
50.Qxa8 Bc5 51.Qb7 Re7 52.Qf3 Rxe3 53.Qxe3 Bxe3+ 54.Kxe3 Bd5 55.Kd4 Bg2 56.h4 Kg7
57.Kc5 Kf7 58.Kd6 Bf3 59.a5 Be4 60.a6  1-0

[Event "Krasnojarsk"]
[Site "Krasnojarsk"]
[Date "1980.??.??"]
[Round "?"]
[White "Kuzmin, Gennadi P"]
[Black "Foygel, Igor"]
[Result "1-0"]
[WhiteElo "2530"]
[BlackElo "2350"]

1.d4 Nf6 2.c4 g6 3.g3 Bg7 4.Bg2 O-O 5.Nf3 d6 6.O-O Nbd7 7.Nc3 e5 8.h3 a6
9.Be3 Qe7 10.Qc1 exd4 11.Nxd4 c6 12.Rd1 Ne5 13.b3 Nh5 14.Na4 Qc7 15.Rb1 Re8
16.Qd2 b5 17.Nb6 Qxb6 18.Nxc6 Qxc6 19.Bxc6 Nxc6 20.Qxd6 Bb7 21.Qc7 Rab8 22.cxb5 axb5
23.Rbc1 Be5 24.Qb6 Ba8 25.Rxc6 Rxb6 26.Rxb6 Bc7 27.Ra6 Be4 28.Ra7 Be5 29.Bg5 b4
30.Re7 Rxe7 31.Bxe7 f5 32.Bxb4 f4 33.g4 Nf6 34.Bd6  1-0

[Event "Malta ol (Men)"]
[Site "La Valetta"]
[Date "1980.??.??"]
[Round "?"]
[White "Mateo, Ramon"]
[Black "Chudleigh, N."]
[Result "1-0"]
[WhiteElo "2200"]
[BlackElo "2200"]

1.c4 Nf6 2.Nf3 d6 3.d4 g6 4.g3 Bg7 5.Bg2 O-O 6.O-O Nbd7 7.Nc3 c6 8.Re1 Re8
9.d5 c5 10.e4 Rb8 11.a4 Ng4 12.Ng5 Nge5 13.Qe2 Nf6 14.f4 Neg4 15.h3 Nh6 16.e5 dxe5
17.fxe5 Nd7 18.e6 Nf8 19.Bf4 Ra8 20.Nb5 fxe6 21.Bc7 Qd7 22.dxe6 Nxe6 23.Nxe6 Nf5
24.Nxg7 Nxg7 25.Rad1 Qf5 26.Rf1 Qh5 27.g4 Qh4 28.Qe3 e6 29.Bg3  1-0

[Event "Malta ol (Men)"]
[Site "La Valetta"]
[Date "1980.??.??"]
[Round "?"]
[White "Portisch, Lajos"]
[Black "Westerinen, Heikki MJ"]
[Result "1-0"]
[WhiteElo "2655"]
[BlackElo "2470"]

1.d4 Nf6 2.c4 g6 3.Nf3 Bg7 4.g3 O-O 5.Bg2 d6 6.Nc3 Nbd7 7.O-O e5 8.e4 c6
9.h3 Ne8 10.Re1 exd4 11.Nxd4 Qb6 12.Nb3 Qb4 13.Bf1 Nc5 14.Be3 Na4 15.Nxa4 Qxa4
16.Qd2 a5 17.Bd4 Qb4 18.Qe3 a4 19.Nd2 Bxd4 20.Qxd4 c5 21.a3 Qb6 22.Qc3 f6
23.Rad1 Bd7 24.Bg2 Ng7 25.Re3 Bc6 26.Nf3 Rad8 27.Ne1 f5 28.Nd3 fxe4 29.Bxe4 Rde8
30.Bxc6 bxc6 31.Rxe8 Rxe8 32.Nf4 Nf5 33.Qf6 Qd8 34.Qxd8 Rxd8 35.Ne2 Rb8 36.Rd2 Rb3
37.Nc3 h5 38.Kg2 h4 39.g4 Nd4 40.Nxa4 Kf7 41.Nc3 g5 42.Ne4 Ne6 43.Nxd6+ Kf8
44.Ne4 Nf4+ 45.Kh2 Rxh3+ 46.Kg1 Ne6 47.Rd6 Nd4 48.Nxc5 Ne2+ 49.Kf1 Nf4 50.Rf6+  1-0

[Event "Malta ol (Men)"]
[Site "La Valetta"]
[Date "1980.??.??"]
[Round "?"]
[White "Birnboim, Nathan"]
[Black "Sax, Gyula"]
[Result "1-0"]
[WhiteElo "2455"]
[BlackElo "2570"]

1.d4 Nf6 2.c4 g6 3.g3 Bg7 4.Bg2 O-O 5.Nf3 d6 6.O-O Nc6 7.Nc3 a6 8.d5 Na5
9.Nd2 c5 10.Qc2 Rb8 11.b3 b5 12.Bb2 e5 13.Nd1 Bh6 14.e3 Nh5 15.Bc3 Bf5 16.e4 Bd7
17.cxb5 axb5 18.b4 cxb4 19.Bxb4 Nb7 20.Nc3 f5 21.exf5 gxf5 22.a4 bxa4 23.Nc4 Qc7
24.Nxa4 Bb5 25.Nab6 Nc5 26.Nxd6 Bxf1 27.Bxf1 Rxb6 28.Nb5 Qb8 29.Bxc5 Rc8
30.Ra5 Nf6 31.d6 Kg7 32.Nc7 Rc6 33.Qxf5  1-0

[Event "DSV-Turnier"]
[Site "Leipzig"]
[Date "1980.??.??"]
[Round "12"]
[White "Gruenberg, Hans Ulrich"]
[Black "Vogt, Lothar"]
[Result "1/2-1/2"]
[WhiteElo "2385"]
[BlackElo "2510"]

1.d4 g6 2.c4 Bg7 3.Nf3 d6 4.g3 Nf6 5.Bg2 O-O 6.O-O Nbd7 7.Nc3 e5 8.e4 exd4
9.Nxd4 Re8 10.h3 Nc5 11.Re1 a5 12.Rb1  1/2-1/2

[Event "Makarczyk mem"]
[Site "Lodz"]
[Date "1980.??.??"]
[Round "3"]
[White "Kharitonov, Andrei Y"]
[Black "Tseitlin, Mikhail S"]
[Result "1/2-1/2"]
[WhiteElo "2435"]
[BlackElo "2500"]

1.d4 Nf6 2.c4 d6 3.Nf3 g6 4.g3 Bg7 5.Bg2 O-O 6.O-O Nbd7 7.Nc3 e5 8.h3 c6
9.dxe5 dxe5 10.Be3 Qe7 11.Qb3 Re8 12.Rfd1 Nc5  1/2-1/2

[Event "Makarczyk mem"]
[Site "Lodz"]
[Date "1980.??.??"]
[Round "13"]
[White "Kharitonov, Andrei Y"]
[Black "Schmidt, Wlodzimierz"]
[Result "1/2-1/2"]
[WhiteElo "2435"]
[BlackElo "2440"]

1.d4 Nf6 2.Nf3 g6 3.c4 Bg7 4.g3 O-O 5.Bg2 d6 6.Nc3 Nc6 7.O-O a6 8.d5 Na5
9.Nd2 c5 10.Qc2 Rb8 11.b3 b5 12.Bb2 e5 13.dxe6 fxe6 14.cxb5 axb5 15.Nce4 Nxe4
16.Bxg7 Nxd2 17.Bxf8 Nxf1 18.Bh6 Nxh2 19.Qc3 Qe7 20.Kxh2 b4 21.Qe3 Bb7 22.Bh3 Bd5
23.Rd1 Re8 24.Bf4 Nb7 25.Kg1 Qf7  1/2-1/2

[Event "Reykjavik"]
[Site "Reykjavik"]
[Date "1980.??.??"]
[Round "?"]
[White "Helmers, Knut J"]
[Black "Torre, Eugenio"]
[Result "1/2-1/2"]
[WhiteElo "2405"]
[BlackElo "2520"]

1.d4 Nf6 2.c4 g6 3.g3 Bg7 4.Bg2 O-O 5.Nf3 d6 6.O-O c6 7.Nc3 Bf5 8.b3 Ne4
9.Bb2 Nxc3 10.Bxc3 Be4 11.Rc1 d5 12.e3 Nd7 13.Qe2 Qb6 14.Bh3 Bxf3 15.Qxf3 Nf6
16.Rfd1 a5 17.Qe2 a4 18.Qb2 e6 19.Bg2 Ra7 20.Rb1 axb3 21.axb3 Rfa8 22.c5 Qd8
23.Ra1 Ne4 24.Rxa7 Rxa7 25.Ra1 Qa8 26.Rxa7 Qxa7 27.Bxe4 dxe4 28.Qb1 f5 29.Qf1 Kf7
30.Qc4 Qa6 31.Kg2 g5 32.Qb4 f4 33.gxf4 gxf4 34.exf4 Kg6 35.d5 Qe2 36.Bxg7 Qf3+
37.Kg1 Qd1+ 38.Kg2 Qf3+ 39.Kg1 Qd1+ 40.Kg2 Qf3+  1/2-1/2

[Event "URS-ch U26"]
[Site "Riga"]
[Date "1980.??.??"]
[Round "?"]
[White "Kharitonov, Andrei Y"]
[Black "Gavrikov, Viktor"]
[Result "1-0"]
[WhiteElo "2435"]
[BlackElo "2365"]

1.Nf3 Nf6 2.c4 g6 3.d4 Bg7 4.g3 O-O 5.Bg2 d6 6.O-O Nc6 7.Nc3 Bf5 8.d5 Na5
9.Nd2 Ne8 10.e4 Bd7 11.Qc2 c6 12.b3 cxd5 13.exd5 b5 14.Bb2 Rc8 15.cxb5 Bxb5
16.Rfe1 e6 17.Bh3 Nc7 18.Nxb5 Nxb5 19.Nc4 Nd4 20.Bxd4 Bxd4 21.Rad1 Rxc4 22.bxc4 e5
23.Rb1 Qc7 24.Qa4 a6 25.c5 Bxc5 26.Rec1 f5 27.Rc2 h5 28.Rbc1 e4 29.Kh1 Rd8
30.Rb1 Kf7 31.Bf1 Ra8 32.Rcb2 Kf8 33.Kg2 Qd8 34.Bxa6 Kg7 35.Bf1 h4 36.Rb5 hxg3
37.hxg3 Nc6 38.Rb7+ Ne7 39.Rxe7+ Kf8 40.Rd7 Qe8 41.Ba6  1-0

[Event "URS-ch U26"]
[Site "Riga"]
[Date "1980.??.??"]
[Round "?"]
[White "Kharitonov, Andrei Y"]
[Black "Vladimirov, Evgeny"]
[Result "1/2-1/2"]
[WhiteElo "2435"]
[BlackElo "2440"]

1.Nf3 Nf6 2.c4 g6 3.d4 Bg7 4.g3 O-O 5.Bg2 d6 6.O-O Nc6 7.Nc3 a6 8.d5 Na5
9.Nd2 c5 10.Qc2 Rb8 11.b3 b5 12.Bb2 bxc4 13.bxc4 Bh6 14.Ncb1 Bd7 15.Bc3 Qc7
16.h3 Bg7 17.Na3 e5 18.Rab1 Rfe8 19.Rxb8 Rxb8 20.Rb1 Rxb1+ 21.Qxb1 Ne8 22.Nc2 f5
23.Qb2 Nb7 24.e4 Bh6 25.Ne3 f4 26.Nef1 fxg3 27.fxg3 Bg5 28.Nf3 Bd8 29.Kh2 Qb6
30.Qc2 Be7 31.Ne3 Nd8 32.Nd1 Nf7 33.Nf2 Ng5 34.Nd2 Nf7 35.Nb3 h5 36.Nd3 h4
37.Qf2 hxg3+ 38.Qxg3 Kh7 39.Qf2 Kg8 40.Qg3 Kh7 41.Qf2  1/2-1/2

[Event "Silkeborg"]
[Site "Silkeborg"]
[Date "1980.??.??"]
[Round "10"]
[White "Van der Sterren, Paul"]
[Black "Taulbut, Shaun M"]
[Result "0-1"]
[WhiteElo "2410"]
[BlackElo "2375"]

1.Nf3 g6 2.c4 Bg7 3.d4 d6 4.g3 Nf6 5.Bg2 O-O 6.O-O Nc6 7.Nc3 e5 8.d5 Ne7
9.e4 Nd7 10.Ne1 f5 11.Nd3 Nf6 12.Bd2 fxe4 13.Nxe4 Nxe4 14.Bxe4 Bh3 15.Re1 Nf5
16.Bc3 Bh6 17.f4 exf4 18.Nf2 fxg3 19.Nxh3 Qh4 20.Kg2 Ne3+ 21.Rxe3 Bxe3 22.Bf3 gxh2
23.Qe1 h1=Q+ 24.Qxh1 Rxf3 25.Kxf3 Bf2 26.Ke2 Re8+ 27.Kd2 Re3  0-1

[Event "EU-chT"]
[Site "Skara"]
[Date "1980.??.??"]
[Round "2"]
[White "Geller, Efim P"]
[Black "Sax, Gyula"]
[Result "1/2-1/2"]
[WhiteElo "2565"]
[BlackElo "2570"]

1.Nf3 Nf6 2.d4 g6 3.c4 Bg7 4.g3 O-O 5.Bg2 d6 6.O-O Nc6 7.Nc3 a6 8.h3 Rb8
9.e4 b5 10.e5 dxe5 11.dxe5 Qxd1 12.Rxd1 Nd7 13.e6 fxe6 14.cxb5 axb5 15.Bf4 b4
16.Na4 Nb6 17.Nxb6 Rxb6 18.Bxc7 Rb7 19.Bf4 Bxb2 20.Rab1 Bc3 21.Ng5 Rb6 22.Be3 Ra6
23.Ne4 e5 24.Nxc3 bxc3 25.Rbc1 Nd4 26.Bxd4 exd4 27.Rxd4 Be6 28.a4 Bb3 29.Rb4 Bxa4
30.Rxc3 Bd7 31.Rb2 Kg7 32.h4 Rc8 33.Rd3 Bc6 34.Re2 Bxg2 35.Kxg2 Rc7 36.Rde3 Kf7
37.Re4 Rac6 38.R2e3 Rc5 39.Re2 Rc4  1/2-1/2

[Event "Rilton Cup"]
[Site "Stockholm"]
[Date "1980.??.??"]
[Round "?"]
[White "Samuelsson, Sven Gunnar"]
[Black "Sznapik, Aleksander"]
[Result "0-1"]
[WhiteElo "2200"]
[BlackElo "2460"]

1.d4 Nf6 2.c4 g6 3.g3 Bg7 4.Bg2 O-O 5.Nf3 d6 6.O-O Nc6 7.Nc3 a6 8.h3 Rb8
9.e4 Nd7 10.Be3 b5 11.cxb5 axb5 12.d5 Na5 13.Bd4 Bh6 14.Nh2 Nf6 15.f4 b4
16.Ne2 c5 17.dxc6 Nxc6 18.Be3 Ba6 19.Rf2 Na5 20.b3 Bg7 21.Bd4 Bb7 22.e5 Ne4
23.Rf1 dxe5 24.fxe5 Ba6 25.Bxe4 Bxe2 26.Qxe2 Qxd4+ 27.Kg2 Qxe5 28.Nf3 Qb2
29.Qxb2 Bxb2 30.Rad1 Nb7 31.Nd4 Nd6 32.Bf3 Bxd4 33.Rxd4 Nf5 34.Rd3 Rfc8 35.Rfd1 Kg7
36.Kf2 h5 37.g4 hxg4 38.hxg4 Rc2+ 39.R1d2 Rxd2+ 40.Rxd2 Nd6 41.Rd4 Rb6 42.Ke3 f5
43.Kf4 Kf6 44.gxf5 gxf5 45.Rd1 e5+ 46.Ke3 e4 47.Be2 Ke5 48.Rh1 f4+ 49.Kf2 Nf5
50.Rh5 Rh6 51.Rg5 Rh2+ 52.Ke1 f3 53.Bxf3 exf3 54.Rg8 Ne3  0-1

[Event "Tirnavia-A"]
[Site "Trnava"]
[Date "1980.??.??"]
[Round "8"]
[White "Smejkal, Jan"]
[Black "Pavlov, Mircea"]
[Result "1/2-1/2"]
[WhiteElo "2555"]
[BlackElo "2400"]

1.c4 g6 2.Nf3 Bg7 3.d4 Nf6 4.g3 O-O 5.Bg2 d6 6.O-O Nbd7 7.Nc3 e5 8.e4 c6
9.h3 Qb6 10.Re1 exd4 11.Nxd4 Ne8 12.Nce2 Qa6  1/2-1/2

[Event "CSR-ch"]
[Site "Trnava"]
[Date "1980.??.??"]
[Round "11"]
[White "Tibensky, Robert"]
[Black "Mista, Ladislav"]
[Result "1/2-1/2"]
[WhiteElo "2200"]
[BlackElo "2360"]

1.d4 Nf6 2.c4 g6 3.g3 Bg7 4.Bg2 O-O 5.Nf3 d6 6.O-O Nbd7 7.Nc3 e5 8.e4 c6
9.Re1 exd4 10.Nxd4 Re8 11.h3 Nc5 12.Qc2 a5 13.Be3 a4 14.f3 Nh5 15.Rad1 Nxg3
16.Qf2 Nh5 17.Ndb5 cxb5 18.Bxc5 Bxh3 19.Bxd6 Bxg2 20.Qxg2 bxc4 21.e5 Nf4
22.Qg3 Qb6+ 23.Kh1 Qxb2 24.Qxf4 Qxc3 25.Re2 Ra5 26.Rc1 Qd3 27.Rd2 Qf5 28.Qxf5 gxf5
29.Rg2 Kh8 30.Rxc4 Bxe5 31.Bxe5+ Raxe5 32.Rxa4 Re1+ 33.Kh2 R1e2 34.Rb4 Rxg2+
35.Kxg2 Re7 36.Kg3 Kg7 37.Kf4 Kg6 38.Rb6+ f6 39.Rb1 Re2 40.Rg1+ Kf7 41.Rh1 Rb2
42.Rxh7+ Kg6 43.Rd7 Rb4+ 44.Ke3 f4+ 45.Kd3 Kg5 46.Rg7+ Kf5 47.Rd7 Rb2 48.Rd5+ Ke6
49.Rd4 Ke5 50.Re4+ Kf5 51.Re2 Rxe2 52.Kxe2 Kg5 53.Kf2 b6 54.Kf1 b5 55.a3 Kf5
56.Ke2 Ke5 57.Kd3 Kd5 58.Kc3 Kc5 59.Kd3 Kb6 60.Kc3 Ka5 61.Kb3 f5 62.Kb2  1/2-1/2

[Event "Villa Gesell"]
[Site "Villa Gesell"]
[Date "1980.??.??"]
[Round "?"]
[White "Foguelman, Alberto"]
[Black "Borghi, Humberto"]
[Result "1/2-1/2"]
[WhiteElo "2315"]
[BlackElo "2395"]

1.d4 Nf6 2.c4 g6 3.Nf3 Bg7 4.g3 O-O 5.Bg2 d6 6.O-O Nc6 7.Nc3 e5 8.dxe5 Nxe5
9.Nxe5 dxe5 10.Qxd8 Rxd8 11.Bg5 Rd4 12.b3 c6 13.Rad1 Bf5 14.Be3 Rxd1 15.Rxd1 Ng4
16.Bc5 Bf8 17.Na4 Nf6 18.Bxf8 Kxf8 19.Nc5 Rb8 20.e4 Be6 21.Kf1 Ke7 22.Ke1 Nd7
23.Nxd7 Bxd7 24.c5 b6 25.Rc1 Be8 26.Bh3 Rd8 27.Rc4 b5 28.Rc2 Rd4 29.f3 f6
30.Rd2 Rxd2 31.Kxd2 b4 32.Kc2 a5 33.Kb2 Bf7 34.a3 h6 35.Bf1 f5 36.axb4 axb4
37.Ba6 Be6 38.Kc2 fxe4 39.fxe4 g5 40.Bc4 Bc8 41.Kd2  1/2-1/2

[Event "Zemun"]
[Site "Zemun"]
[Date "1980.??.??"]
[Round "?"]
[White "Vukic, Milan"]
[Black "Martinovic, Slobodan"]
[Result "1-0"]
[WhiteElo "2460"]
[BlackElo "2475"]

1.d4 Nf6 2.c4 g6 3.Nf3 Bg7 4.g3 O-O 5.Bg2 d6 6.O-O Nbd7 7.Nc3 e5 8.e4 a6
9.Re1 exd4 10.Nxd4 Ne5 11.b3 c5 12.Nc2 b5 13.cxb5 axb5 14.Nxb5 Ne8 15.a4 Nc7
16.Bg5 Qxg5 17.Nxc7 Rb8 18.Rb1 c4 19.Ne3 Qd8 20.Nb5 cxb3 21.f4 Nc6 22.Rxb3 Qa5
23.Rd3 Be6 24.e5 Nb4 25.Rxd6 Rfc8 26.Rxe6 fxe6 27.Bh3 Qb6 28.Nd6 Rc3 29.Qg4 h6
30.Qxg6 Rxe3 31.Bxe6+ Kh8 32.Nf7+ Kg8 33.Nxh6+  1-0

[Event "BCF-ch"]
[Site "Morecambe"]
[Date "1981.08.11"]
[Round "8"]
[White "Norman, Kenneth I"]
[Black "Lewis, Andrew P"]
[Result "0-1"]
[WhiteElo "2250"]
[BlackElo "2200"]

1.Nf3 Nf6 2.c4 g6 3.d4 Bg7 4.g3 O-O 5.Bg2 d6 6.Nc3 Nc6 7.O-O Rb8 8.d5 Na5
9.b3 c6 10.Bb2 b5 11.cxb5 Nxd5 12.bxc6 Bxc3 13.Bxc3 Nxc3 14.Rc1 Nb5 15.b4 Be6
16.c7 Nxc7 17.bxa5 Rb2 18.a4 Na6 19.Qd4 Rb4 20.Qxa7 Nc5 21.Ng5 Bf5 22.Rfd1 h6
23.Nh3 Bxh3 24.Bxh3 Rb7 25.Qxc5 dxc5 26.Rxd8 Rxd8 27.Rxc5 e6 28.Bg4 Rd4 29.Bf3 Rb1+
30.Kg2 Rxa4 31.Bc6 Ra2 32.Be8 Kf8 33.Bc6 Rba1 34.Be4 Rxa5 35.Rc8+ Kg7 36.Bd3 Ra8
37.Rc7 R8a7 38.Rc8 R1a5 39.Rc6 Ra3 40.Rc8 Ra1 41.Rc6 g5 42.h3 Re1 43.Rc4 h5
44.Kf3 Rh1 45.h4 gxh4 46.gxh4 Rha1 47.Rc5 R7a5 48.Rc7 R5a4 49.Kg3 Rg4+  0-1

[Event "AUT-ch playoff"]
[Site "AUT"]
[Date "1981.??.??"]
[Round "1"]
[White "Herzog, Adolf"]
[Black "Hoelzl, Franz"]
[Result "0-1"]
[WhiteElo "2355"]
[BlackElo "2375"]

1.d4 Nf6 2.c4 g6 3.Nf3 Bg7 4.g3 O-O 5.Bg2 d6 6.O-O Nbd7 7.b3 e5 8.Bb2 e4
9.Ng5 d5 10.Nc3 c6 11.e3 Nb6 12.c5 Nbd7 13.f3 Bh6 14.h4 Nh5 15.fxe4 Nxg3
16.Rf4 dxe4 17.Bxe4 Nxe4 18.Ncxe4 Bg7 19.Qe2 Nf6 20.Raf1 Nxe4 21.Nxe4 Qe7
22.h5 f5 23.Nd6 Be6 24.hxg6 hxg6 25.Qg2 Bd5 26.Qg3 Kh7 27.Qh2+ Bh6 28.e4 Qg5+
29.Kh1 fxe4 30.Rxf8 Rxf8  0-1

[Event "Biel op"]
[Site "Biel"]
[Date "1981.??.??"]
[Round "?"]
[White "Leski, Marc"]
[Black "Pliester, Leon"]
[Result "1-0"]
[WhiteElo "2235"]
[BlackElo "2330"]

1.Nf3 Nf6 2.c4 g6 3.g3 Bg7 4.Bg2 d6 5.d4 O-O 6.O-O Nbd7 7.Nc3 e5 8.e4 a6
9.Re1 exd4 10.Nxd4 Ne5 11.b3 c5 12.Nc2 b5 13.cxb5 Qa5 14.Bb2 axb5 15.Qxd6 Ne8
16.Qd2 Bg4 17.Ne3 Rd8 18.Ned5 c4 19.Nb1 b4 20.bxc4 Nxc4 21.Ne7+ Kh8 22.Nc6 Qc7
23.Qxd8 Bxb2 24.Qxc7 Nxc7 25.Bf1 Ne5 26.Nxe5 Bxe5 27.Nd2 Bxa1 28.Rxa1 Ra8
29.Bc4 Be6 30.Rb1 Bxc4 31.Nxc4 Rxa2 32.Rxb4 Ne6 33.Rb7 Ng5 34.Nd6 Kg8 35.Kg2 Re2
36.Re7 Kf8 37.Re8+ Kg7 38.h4 Ne6 39.Re7 Rd2 40.e5 Kg8 41.Nxf7  1-0

[Event "Biel op"]
[Site "Biel"]
[Date "1981.??.??"]
[Round "?"]
[White "Reefschlaeger, Helmut"]
[Black "Afek, Yochanan"]
[Result "1-0"]
[WhiteElo "2400"]
[BlackElo "2300"]

1.d4 Nf6 2.c4 g6 3.g3 Bg7 4.Bg2 O-O 5.Nf3 d6 6.O-O Nc6 7.Nc3 e5 8.dxe5 dxe5
9.Bg5 Be6 10.Nd5 Bxd5 11.Bxf6 Qxf6 12.cxd5 Nd4 13.Nd2 Rfd8 14.e3 Nf5 15.Rc1 Qb6
16.Qa4 Nd6 17.Rc2 f5 18.Rfc1 Rac8 19.Nb3 e4 20.Nc5 Ne8 21.Bf1 Kh8 22.Ne6 Rxd5
23.Nxc7 Nxc7 24.Rxc7 Rcd8 25.Re7 Re5 26.Rd7 Ra5 27.Qd1 Rg8 28.Rcc7 Rxa2 29.Rxg7 Rxg7
30.Rc8+ Rg8 31.Rxg8+ Kxg8 32.Qd5+ Kg7 33.Qxa2 Kh6 34.h4 a5 35.Qa3 Qd8 36.Qc3 a4
37.Be2  1-0

[Event "Biel op"]
[Site "Biel"]
[Date "1981.??.??"]
[Round "?"]
[White "Birnboim, Nathan"]
[Black "Sinkovics, Peter"]
[Result "1-0"]
[WhiteElo "2455"]
[BlackElo "2300"]

1.d4 Nf6 2.c4 g6 3.g3 Bg7 4.Bg2 O-O 5.Nf3 d6 6.O-O Nc6 7.Nc3 a6 8.d5 Na5
9.Nd2 c5 10.Qc2 Rb8 11.b3 b5 12.Bb2 e5 13.dxe6 Bxe6 14.cxb5 axb5 15.Nce4 Nd5
16.Bxg7 Kxg7 17.Nf3 h6 18.Qb2+ Kh7 19.Qd2 Nc6 20.Rfd1 Nce7 21.Qb2 Ng8 22.h4 Ngf6
23.Nxd6 Rb6 24.e4 Rxd6 25.e5 Rd7 26.exf6 Nxf6 27.Rxd7 Nxd7 28.Rc1 Qe7 29.Qe2 Rb8
30.Nd2 Nf6 31.Qe5 Rc8 32.Ne4 Nxe4 33.Bxe4 Kg8 34.b4 Qc7 35.Rxc5 Qxe5 36.Rxe5 Rc1+
37.Kg2 Bc4 38.Bd5 Kg7 39.Bxc4 bxc4 40.b5 c3 41.Rc5 Ra1 42.Rxc3 Rxa2 43.Rb3 Ra7
44.Kf3 Kf6 45.b6 Rb7 46.Ke4 Ke6 47.g4 f6 48.h5  1-0

[Event "Elekes mem-B"]
[Site "Budapest"]
[Date "1981.??.??"]
[Round "?"]
[White "Lehmann, Heinz Dr"]
[Black "Lanc, Alois"]
[Result "1/2-1/2"]
[WhiteElo "2335"]
[BlackElo "2415"]

1.d4 Nf6 2.c4 g6 3.Nf3 Bg7 4.g3 O-O 5.Bg2 d6 6.O-O Nbd7 7.Nc3 e5 8.Qc2 a6
9.Rd1 exd4 10.Nxd4 Rb8 11.e4 Ne5 12.c5 Bg4 13.f3 Bd7 14.Nb3 b5 15.cxb6 Rxb6
16.Bg5 Rc6 17.Qe2 Qb8 18.h3 Nc4 19.Bxf6 Bxf6 20.Nd5 Bd8 21.Nd4 Rc5 22.b4 Rxd5
23.exd5 Qxb4 24.Rab1 Qa4 25.Bf1 Na3 26.Rb8 Bf6 27.Rxf8+ Kxf8 28.Nb3 Nb5 29.Rd2 h5
30.Qc4 Qxc4 31.Bxc4 Bxh3 32.Bxb5 axb5 33.Rc2 Bd8 34.Nd4 Bd7 35.Nc6 Bf5 36.Rc1 Bf6
37.Kg2 Ke8 38.Na7 b4 39.Rxc7 Bb1 40.Nc6 Bc3 41.Nxb4 Bxb4 42.Rb7 Bxa2 43.Rxb4 Bxd5
44.Rd4 Be6 45.Rxd6 Ke7 46.Rb6 Kf8  1/2-1/2

[Event "DDR-ch 30th"]
[Site "Fuerstenwalde"]
[Date "1981.??.??"]
[Round "4"]
[White "Gruenberg, Hans Ulrich"]
[Black "Casper, Thomas"]
[Result "1-0"]
[WhiteElo "2435"]
[BlackElo "2345"]

1.d4 Nf6 2.c4 d6 3.Nf3 g6 4.g3 Bg7 5.Bg2 O-O 6.O-O Nbd7 7.Nc3 c6 8.h3 e5
9.e4 a6 10.Be3 b5 11.Qc2 Bb7 12.dxe5 dxe5 13.c5 Qe7 14.b4 a5 15.a3 Rfd8 16.Rad1 Ne8
17.Nd2 a4 18.f4 exf4 19.gxf4 Nf8 20.Nf3 Ne6 21.f5 Nf8 22.Bg5 f6 23.Bf4 Nd7
24.Ne2 Ne5 25.Ng3 Nc7 26.Qc3 Na6 27.Kh1 Rac8 28.Nd4 Nc7 29.h4 Re8 30.Nf3 Rcd8
31.Rxd8 Rxd8 32.Nxe5 fxe5 33.Bg5 Qd7 34.f6 Bh8 35.f7+ Kf8 36.Bxd8 Qxd8 37.Bh3 Bf6
38.Qf3 Bxh4 39.Rd1 Qg5 40.Ne2  1-0

[Event "DDR-ch (Women)"]
[Site "Fuerstenwalde"]
[Date "1981.??.??"]
[Round "4"]
[White "Espig, Gesine"]
[Black "Beltz, Martina"]
[Result "0-1"]
[WhiteElo "2020"]
[BlackElo "2000"]

1.Nf3 Nf6 2.c4 d6 3.d4 g6 4.g3 Bg7 5.Bg2 O-O 6.O-O Nbd7 7.Nc3 h6 8.Qc2 c5
9.d5 a6 10.b3 b5 11.Bb2 Rb8 12.Nd2 bxc4 13.Nxc4 Bb7 14.e4 Nb6 15.Nxb6 Qxb6
16.Na4 Qc7 17.Rad1 a5 18.Rfe1 Nd7 19.Bxg7 Kxg7 20.Qc3+ Kh7 21.f4 Ba6 22.e5 c4
23.Bf1 Bb5 24.exd6 Qxd6 25.Bxc4 Bxa4 26.bxa4 Rfc8 27.Qd4 Rb4 28.Rc1 Nb6 29.Re4 Rbxc4  0-1

[Event "DDR-ch 30th"]
[Site "Fuerstenwalde"]
[Date "1981.??.??"]
[Round "7"]
[White "Gauglitz, Gernot"]
[Black "Mueller, Klaus Uwe"]
[Result "1-0"]
[WhiteElo "2235"]
[BlackElo "2365"]

1.d4 Nf6 2.c4 g6 3.Nf3 Bg7 4.g3 O-O 5.Bg2 d6 6.O-O c6 7.h3 a6 8.Nbd2 b5 9.b3 Nbd7
10.Bb2 Rb8 11.Qc2 c5 12.d5 bxc4 13.bxc4 Rxb2 14.Qxb2 Nxd5 15.Qb3 Bxa1 16.Rxa1 N5f6
17.Qa4 e6 18.Rb1 Qc7 19.Ne1 d5 20.Qb3 Rd8 21.Nd3 Ne5 22.Nf4 g5 23.Nd3 dxc4
24.Nxc4 Nxd3 25.exd3 Nd5 26.Qb2 Bd7 27.Ne5 h5 28.Bxd5 exd5 29.Nxd7 Rxd7 30.Qf6 Qd8
31.Qxa6 h4 32.g4 Kg7 33.Rc1 c4 34.dxc4 d4 35.c5 d3 36.Rd1 d2 37.Qe2 Rd3 38.c6 Qd6
39.c7 Rxh3 40.Qc4 Qh2+ 41.Kf1 Qe5 42.Qc6  1-0

[Event "DDR-ch 30th"]
[Site "Fuerstenwalde"]
[Date "1981.??.??"]
[Round "9"]
[White "Gauglitz, Gernot"]
[Black "Rossmann, Helmut"]
[Result "1-0"]
[WhiteElo "2235"]
[BlackElo "2280"]

1.d4 Nf6 2.c4 g6 3.Nf3 Bg7 4.g3 d6 5.Bg2 O-O 6.O-O Nbd7 7.Nc3 e5 8.e4 exd4
9.Nxd4 Nc5 10.f3 Nfd7 11.Be3 c6 12.Qc2 a5 13.b3 Ne5 14.Rad1 a4 15.h3 axb3
16.axb3 Qb6 17.f4 Ned7 18.Bf2 Bxd4 19.Rxd4 Qxb3 20.Qxb3 Nxb3 21.Rxd6 Ndc5
22.f5 Nd7 23.g4 Ne5 24.Rfd1 Nxc4 25.Rd8 Ra1 26.Bf1 Rxd1 27.Rxd1 Ne5 28.Bg3 Nd7
29.Bd6 Re8 30.Bc4 Nbc5 31.Rf1 gxf5 32.Rxf5 Ne6 33.e5 b5 34.Ba2 Bb7 35.Ne4 c5
36.Ng5 c4 37.Bb1 Nd4 38.Rxf7 Nf3+ 39.Rxf3 Bxf3 40.Nxf3 b4 41.Bf5 b3 42.Bxd7 c3
43.Ba4 b2 44.Bb3+ Kg7 45.Bc2 Ra8 46.e6 Ra1+ 47.Kf2 b1=Q 48.Be5+ Kf8 49.Bxb1 Rxb1
50.Bxc3 Ke7 51.Nd4 Kd6 52.Kf3  1-0

[Event "DDR-ch 30th"]
[Site "Fuerstenwalde"]
[Date "1981.??.??"]
[Round "13"]
[White "Gruenberg, Hans Ulrich"]
[Black "Knaak, Rainer"]
[Result "0-1"]
[WhiteElo "2435"]
[BlackElo "2495"]

1.d4 Nf6 2.c4 d6 3.Nf3 g6 4.g3 Bg7 5.Bg2 O-O 6.O-O Nbd7 7.Nc3 e5 8.e4 a6
9.Re1 exd4 10.Nxd4 Ne5 11.b3 c5 12.Nc2 Rb8 13.a4 Bg4 14.f3 Be6 15.Rb1 Ne8
16.Bd2 Nc7 17.a5 Bd7 18.h3 f5 19.f4 Nc6 20.exf5 Bxf5 21.Ne4 d5 22.Nxc5 Nd4
23.Ne3 Bxb1 24.Qxb1 dxc4 25.Nxc4 Nf5 26.Kh2 Qd4 27.Ne4 Nb5 28.g4 Nh4 29.Be3 Qd7
30.Rd1 Qc7 31.Bh1 Rxf4  0-1

[Event "Buna-Turnier"]
[Site "Halle"]
[Date "1981.??.??"]
[Round "2"]
[White "Malich, Burkhard"]
[Black "Hausner, Ivan"]
[Result "1/2-1/2"]
[WhiteElo "2450"]
[BlackElo "2435"]

1.Nf3 Nf6 2.c4 g6 3.g3 d6 4.d4 Bg7 5.Bg2 O-O 6.O-O Nbd7 7.Qc2 e5 8.Rd1 Re8
9.dxe5 dxe5 10.e4 c6 11.h3 Qe7 12.Nc3 Nc5 13.b4 Ne6 14.Rb1 Nd7 15.Be3 Qf8
16.c5 Bh6 17.Bxh6 Qxh6 18.Rd6 Ng5 19.Nxg5 Qxg5 20.Nd1 Nf8 21.Ne3 Ne6 22.Nc4 Nd4
23.Qb2 Qe7 24.a4 f6 25.f4 b6 26.Kh2 Rb8 27.fxe5 fxe5 28.Nxe5 bxc5 29.Rxd4 Qxe5
30.Rc4 Qxb2 31.Rxb2 Rxb4 32.Rcxb4 cxb4 33.Rxb4  1/2-1/2

[Event "DSV-Turnier"]
[Site "Halle"]
[Date "1981.??.??"]
[Round "2"]
[White "Malich, Burkhard"]
[Black "Vogt, Lothar"]
[Result "1/2-1/2"]
[WhiteElo "2470"]
[BlackElo "2455"]

1.Nf3 Nf6 2.d4 g6 3.c4 Bg7 4.g3 O-O 5.Bg2 d6 6.O-O Nbd7 7.d5 Nc5 8.Nd4 e5
9.dxe6 Nxe6 10.Nc3 c6 11.Nc2 Re8 12.Rb1 Nc5 13.Bf4 Bf5 14.Rc1  1/2-1/2